Theory of Heat
Gorde:
| Egile nagusia: | |
|---|---|
| Formatua: | Liburua |
| Hizkuntza: | ingelesa |
| Argitaratua: |
Londres
Longmans, Green and Company
1891
|
| Edizioa: | 10a. ed |
| Gaiak: | |
| Etiketak: |
Etiketa erantsi
Etiketarik gabe, Izan zaitez lehena erregistro honi etiketa jartzen!
|
MARC
| LEADER | 00000nam a2200000 a 4500 | ||
|---|---|---|---|
| 001 | UCG1545 | ||
| 003 | CL-VaPUC | ||
| 008 | 100506e18910000UK |||||||||||||||||eng|d | ||
| 082 | 0 | 4 | |a 539.2 |b MAX |2 21 |
| 100 | |a Maxwell, James Clerk |e autor |9 322236 | ||
| 245 | 1 | 0 | |a Theory of Heat |
| 250 | |a 10a. ed | ||
| 300 | |a 343 p | ||
| 942 | |c BK | ||
| 945 | |d 20100506 00:00:00 |a dcastane | ||
| 260 | |a Londres |b Longmans, Green and Company |c 1891 | ||
| 650 | 0 | |a Termodinámica |9 259320 | |
| 650 | 7 | |a RADIACION CALORICA |2 CL-VaPUC |9 536413 | |
| 650 | 7 | |a TEMPERATURA |2 CL-VaPUC |9 549529 | |
| 650 | 0 | |a Física |9 227844 | |
| 650 | 0 | |a Conducción del calor |9 259876 | |
| 650 | 0 | |a Entropía |9 262675 | |
| 583 | |a last modification |c 20100506 00:00:00 |k Rodrigo Vera | ||
| 999 | |c 340894 |d 340892 | ||
| 952 | |0 0 |1 0 |4 0 |6 539_200000000000000_MAX_1891 |7 0 |8 X |9 436033 |a FDOBUD |b FDOBUD |d 2019-11-22 |i 4635051 |o 539.2 MAX 1891 |p 4635051 |r 2019-11-22 |w 2019-11-22 |y BK_X |k BUD | ||